<?xml version="1.0" encoding="UTF-8"?>
<record
    xmlns:xsi="http://www.w3.org/2001/XMLSchema-instance"
    xsi:schemaLocation="http://www.loc.gov/MARC21/slim http://www.loc.gov/standards/marcxml/schema/MARC21slim.xsd"
    xmlns="http://www.loc.gov/MARC21/slim">

  <leader>01130nam a2200325Ia 4500</leader>
  <controlfield tag="001">021614</controlfield>
  <controlfield tag="008">221003s2005    xx            000 0 spa d</controlfield>
  <datafield tag="020" ind1=" " ind2=" ">
    <subfield code="a">92-894-9797-1</subfield>
  </datafield>
  <datafield tag="035" ind1=" " ind2=" ">
    <subfield code="a">CENDO_14130</subfield>
  </datafield>
  <datafield tag="041" ind1=" " ind2=" ">
    <subfield code="a">spa</subfield>
    <subfield code="b"></subfield>
  </datafield>
  <datafield tag="084" ind1=" " ind2=" ">
    <subfield code="a">CD-06386</subfield>
  </datafield>
  <datafield tag="110" ind1=" " ind2=" ">
    <subfield code="a">COMUNIDADES EUROPEAS.</subfield>
    <subfield code="b">Comisi&#xF3;n</subfield>
    <subfield code="9">138</subfield>
  </datafield>
  <datafield tag="245" ind1=" " ind2="0">
    <subfield code="a">Informe anual 2005 sobre la pol&#xED;tica de desarrollo de la Comunidad Europea y la ejecuci&#xF3;n de la ayuda exterior en 2004 :</subfield>
    <subfield code="b">resumen /</subfield>
    <subfield code="c">Comisi&#xF3;n Europea</subfield>
  </datafield>
  <datafield tag="260" ind1=" " ind2=" ">
    <subfield code="a">B&#xE9;lgica :</subfield>
    <subfield code="b">Oficina de Publicaciones Oficiales de las Comunidades Europeas,</subfield>
    <subfield code="c">2005</subfield>
  </datafield>
  <datafield tag="300" ind1=" " ind2=" ">
    <subfield code="a">19 p.  ;</subfield>
    <subfield code="c"> 30 cm</subfield>
  </datafield>
  <datafield tag="650" ind1=" " ind2=" ">
    <subfield code="a">POLITICA DE DESARROLLO</subfield>
    <subfield code="9">356</subfield>
  </datafield>
  <datafield tag="650" ind1=" " ind2="0">
    <subfield code="a">DESARROLLO ECONOMICO Y SOCIAL</subfield>
    <subfield code="9">116</subfield>
  </datafield>
  <datafield tag="650" ind1=" " ind2=" ">
    <subfield code="a">AYUDA AL DESARROLLO</subfield>
    <subfield code="9">2160</subfield>
  </datafield>
  <datafield tag="650" ind1=" " ind2=" ">
    <subfield code="a">INFORME ANUAL</subfield>
    <subfield code="9">5746</subfield>
  </datafield>
  <datafield tag="650" ind1=" " ind2="0">
    <subfield code="a">UE</subfield>
    <subfield code="9">6902</subfield>
  </datafield>
  <datafield tag="710" ind1=" " ind2=" ">
    <subfield code="a">COMUNIDADES EUROPEAS</subfield>
    <subfield code="b">Oficina de Publicaciones Oficiales,</subfield>
    <subfield code="e">ed.</subfield>
    <subfield code="9">15</subfield>
  </datafield>
  <datafield tag="710" ind1=" " ind2=" ">
    <subfield code="a">COMUNIDADES EUROPEAS</subfield>
    <subfield code="b">Comisi&#xF3;n</subfield>
    <subfield code="b">Oficina de Cooperaci&#xF3;n EuropeAid</subfield>
    <subfield code="9">14172</subfield>
  </datafield>
  <datafield tag="901" ind1=" " ind2=" ">
    <subfield code="a">2</subfield>
  </datafield>
  <datafield tag="903" ind1=" " ind2=" ">
    <subfield code="a">NO</subfield>
  </datafield>
  <datafield tag="904" ind1=" " ind2=" ">
    <subfield code="a">000</subfield>
  </datafield>
  <datafield tag="953" ind1=" " ind2=" ">
    <subfield code="d">2005-10-14</subfield>
    <subfield code="y">MONOGRAFIA</subfield>
    <subfield code="o">CD-06386</subfield>
  </datafield>
  <datafield tag="999" ind1=" " ind2=" ">
    <subfield code="c">14129</subfield>
    <subfield code="d">14129</subfield>
  </datafield>
  <datafield tag="910" ind1=" " ind2=" ">
    <subfield code="a">2005</subfield>
  </datafield>
  <datafield tag="942" ind1=" " ind2=" ">
    <subfield code="c">MONOGRAFIA</subfield>
  </datafield>
  <datafield tag="952" ind1=" " ind2=" ">
    <subfield code="0">0</subfield>
    <subfield code="1">0</subfield>
    <subfield code="4">0</subfield>
    <subfield code="7">0</subfield>
    <subfield code="a">CENDO</subfield>
    <subfield code="b">CENDO</subfield>
    <subfield code="d">2005-10-14</subfield>
    <subfield code="l">0</subfield>
    <subfield code="o">CD-06386</subfield>
    <subfield code="p">CENDO_14130</subfield>
    <subfield code="r">2022-10-05 00:00:00</subfield>
    <subfield code="w">2022-10-05</subfield>
    <subfield code="y">MONOGRAFIA</subfield>
  </datafield>
</record>
